Central Library OPAC University of Rajshahi

Elements of engineering mechanics 102A and 102B / (Record no. 14863)

MARC details
000 -LEADER
fixed length control field 00722cam a2200241 4500
001 - CONTROL NUMBER
control field 14863
003 - CONTROL NUMBER IDENTIFIER
rucl marc code BD-RjUL
005 - DATE AND TIME OF LATEST TRANSACTION
control field 20211208235715.0
008 - FIXED-LENGTH DATA ELEMENTS--GENERAL INFORMATION
fixed length control field 140208s1941 -usa b 000 0 eng d
035 ## - SYSTEM CONTROL NUMBER
System control number (BD-RjUL)14917
040 ## - CATALOGING SOURCE
Original cataloging agency DLC
Transcribing agency DLC
Modifying agency DLC
-- BD-RjUL
Language of cataloging eng
041 ## - LANGUAGE CODE
Language code of text/sound track or separate title eng
082 00 - DEWEY DECIMAL CLASSIFICATION NUMBER
Classification number 531
Author mark and year STE 1941
100 1# - MAIN ENTRY--PERSONAL NAME
Personal name Stoker, R. L.
9 (RLIN) 46267
245 10 - TITLE STATEMENT
Title Elements of engineering mechanics 102A and 102B /
Statement of responsibility, etc. R.L.Stoker and E.H. Taylor
260 ## - PUBLICATION, DISTRIBUTION, ETC. (IMPRINT)
Place of publication, distribution, etc. America :
Name of publisher, distributor, etc. University of california,
Date of publication, distribution, etc. c1941
300 ## - PHYSICAL DESCRIPTION
Pagination iii, 177 p. :
Illustrations illus. ;
Size 22 cm.
504 ## - BIBLIOGRAPHY, ETC. NOTE
Bibliography, etc Includes bibliographical references.
650 #0 - SUBJECT ADDED ENTRY--TOPICAL TERM
Topical term or geographic name as entry element Mechanics, Applied.
9 (RLIN) 27188
700 ## - ADDED ENTRY--PERSONAL NAME
Personal name E.H. Taylor
942 ## - ADDED ENTRY ELEMENTS (KOHA)
Source of classification or shelving scheme Dewey Decimal Classification
Koha item type Books
Holdings
Lost status Source of classification or shelving scheme Damaged status Not for loan Collection code Permanent Location Current Location Shelving location Date acquired Source of acquisition Total Checkouts Full call number Date last seen Copy number Koha item type
  Dewey Decimal Classification   Not For Loan Non-fiction Central Library, University of Rajshahi Central Library, University of Rajshahi Reading Room 15/03/1962 Asia foundation   531 STE 1941 08/02/2014 C-1 Books